[Event "Teresina Nordeste Cup"]
[Site "Teresina"]
[Date "2022.07.23"]
[Round "4"]
[White "Leitao, Nicolau Daulibe"]
[Black "Pereira, Francisco Neris"]
[Result "1-0"]
[WhiteElo "2082"]
[BlackElo "1576"]
[PlyCount "37"]
[EventDate "2022.07.22"]
[EventType "swiss"]
[EventRounds "6"]
[EventCountry "BRA"]
[SourceTitle "CBM 209 Extra"]
[Source "ChessBase"]
[SourceDate "2022.09.30"]
[SourceVersion "1"]
[SourceVersionDate "2022.09.30"]
[SourceQuality "1"]

1. d4 d5 2. c4 e6 3. Nc3 Bb4 4. e3 Nf6 5. Bd3 dxc4 6. Bxc4 0-0 7. Nf3 c5 8. 0-0 Nc6 9. a3 cxd4 10. axb4 dxc3 11. bxc3 Qc7 12. Qe2 Ne5 13. Nxe5 Qxe5 14. Bb2 Bd7 15. Ra5 Qc7 16. Bd3 Bc6 17. c4 b6 18. Bxf6 gxf6 19. Bxh7+ 1-0

[Event "Sao Luis Franklin Memorial 29th"]
[Site "Sao Luis"]
[Date "2022.01.15"]
[Round "3"]
[White "Leitao, Nicolau Daulibe"]
[Black "Almeida, Fernando Medrado"]
[Result "1/2-1/2"]
[WhiteElo "2109"]
[BlackElo "1953"]
[PlyCount "63"]
[EventDate "2022.01.14"]
[EventType "swiss"]
[EventRounds "5"]
[EventCountry "BRA"]
[SourceTitle "CBM 206 Extra"]
[Source "ChessBase"]
[SourceDate "2022.03.31"]
[SourceVersion "1"]
[SourceVersionDate "2022.03.31"]
[SourceQuality "1"]

1. d4 d5 2. c4 c6 3. Nf3 Nf6 4. Nc3 e6 5. e3 Be7 6. Bd3 0-0 7. 0-0 Nbd7 8. b3 b6 9. Bb2 Bb7 10. Rc1 Re8 11. Re1 c5 12. cxd5 exd5 13. Bb1 Nf8 14. Na4 Bc6 15. Nc3 Bb7 16. Ne2 Ne4 17. Ng3 Nxg3 18. hxg3 Bf6 19. Ba3 cxd4 20. Nxd4 Be7 21. Bxe7 Rxe7 22. Nf5 Rc7 23. Qg4 Ng6 24. Qd4 f6 25. Rcd1 Ne7 26. Qd3 Nxf5 27. Qxf5 g6 28. Qe6+ Kg7 29. e4 Re7 30. Qg4 Qc8 31. Rd4 dxe4 32. Red1 1/2-1/2

[Event "Brasilia Terraviva op"]
[Site "Brasilia"]
[Date "2019.01.12"]
[Round "4"]
[White "Leitao, Nicolau Daulibe"]
[Black "Jorge, Denrick Cabral Jose"]
[Result "1-0"]
[WhiteElo "2138"]
[BlackElo "1903"]
[PlyCount "103"]
[EventDate "2019.01.10"]
[EventType "swiss"]
[EventRounds "7"]
[EventCountry "BRA"]
[SourceTitle "CBM 188 Extra"]
[Source "ChessBase"]
[SourceDate "2019.02.26"]
[SourceVersion "1"]
[SourceVersionDate "2019.02.26"]
[SourceQuality "1"]

1. d4 Nf6 2. c4 g6 3. Nc3 d5 4. cxd5 Nxd5 5. Bd2 Bg7 6. e4 Nxc3 7. Bxc3 0-0 8. Qd2 b6 9. Bc4 Bb7 10. f3 c5 11. d5 Qd7 12. a4 Na6 13. h4 Bxc3 14. bxc3 Qd6 15. h5 Qg3+ 16. Kf1 g5 17. Nh3 h6 18. f4 gxf4 19. Nxf4 Qg5 20. Qf2 Kh7 21. Rh3 e5 22. dxe6 fxe6 23. Rf3 Qe5 24. Ng6 Rxf3 25. Qxf3 Qg7 26. Bxe6 Re8 27. Rd1 Nb8 28. Qf5 Bxe4 29. Qxe4 Qf6+ 30. Nf4+ Kg7 31. Qg6+ Qxg6 32. hxg6 Kf6 33. Bf7 Re4 34. Rd6+ Ke7 35. Re6+ Rxe6 36. Bxe6 Kf6 37. g4 Nc6 38. Bf5 Ne7 39. Nh5+ Kg5 40. g7 a6 41. Be6 b5 42. a5 b4 43. cxb4 cxb4 44. g8Q+ Nxg8 45. Bxg8 Kxg4 46. Nf6+ Kf5 47. Nd5 Ke5 48. Nxb4 Kd6 49. Nxa6 Kc6 50. Nb4+ Kb5 51. a6 Kxb4 52. a7 1-0

[Event "Maranhao LMX op final 28th"]
[Site "Santa Luzia"]
[Date "2018.11.18"]
[Round "9"]
[White "Abreu, Nilton Silva"]
[Black "Leitao, Nicolau Daulibe"]
[Result "0-1"]
[WhiteElo "1991"]
[BlackElo "2132"]
[PlyCount "44"]
[EventDate "2018.11.14"]
[EventType "tourn"]
[EventRounds "9"]
[EventCountry "BRA"]
[SourceTitle "EXT 2022"]
[Source "ChessBase"]
[SourceDate "2021.10.06"]
[SourceVersion "1"]
[SourceVersionDate "2021.10.06"]
[SourceQuality "1"]

1. d4 Nf6 2. c4 e6 3. Nc3 d5 4. cxd5 exd5 5. Nf3 Bd6 6. e3 0-0 7. Bd3 Bg4 8. 0-0 Nc6 9. Bd2 Rc8 10. Qc2 Bxf3 11. gxf3 Re8 12. e4 dxe4 13. Nxe4 h6 14. Nxf6+ Qxf6 15. Be4 Qh4 16. f4 Nxd4 17. Qd3 Qg4+ 18. Kh1 Rxe4 19. Qxe4 Nf3 20. Rg1 Nxd2 21. Rxg4 Nxe4 22. Re1 Nxf2+ 0-1

[Event "Maranhao LMX op final 28th"]
[Site "Santa Luzia"]
[Date "2018.11.17"]
[Round "7"]
[White "Leitao, Nicolau Daulibe"]
[Black "Silva Filho, Dombosco Lima"]
[Result "1-0"]
[WhiteElo "2132"]
[BlackElo "1571"]
[PlyCount "63"]
[EventDate "2018.11.14"]
[EventType "tourn"]
[EventRounds "9"]
[EventCountry "BRA"]
[SourceTitle "EXT 2022"]
[Source "ChessBase"]
[SourceDate "2021.10.06"]
[SourceVersion "1"]
[SourceVersionDate "2021.10.06"]
[SourceQuality "1"]

1. d4 Nf6 2. c4 e6 3. Nf3 Be7 4. g3 b6 5. Bg2 Bb7 6. 0-0 0-0 7. d5 exd5 8. Nh4 c6 9. cxd5 Nxd5 10. e4 Nb4 11. Nf5 d5 12. a3 N4a6 13. Re1 d4 14. e5 Nc5 15. Qg4 g6 16. Bh6 Re8 17. Nd2 Bc8 18. Nxe7+ Qxe7 19. Qxd4 Be6 20. b4 Nb3 21. Nxb3 Bxb3 22. Rac1 Rd8 23. Qe3 Bd5 24. Bg5 Qe8 25. Bxd8 Qxd8 26. Red1 Qe8 27. Rxd5 cxd5 28. Bxd5 Nd7 29. Bxa8 Qxa8 30. e6 Nf6 31. exf7+ Kxf7 32. Rc7+ 1-0

[Event "Luiz Rego Memorial 6th"]
[Site "Teresina"]
[Date "2018.08.04"]
[Round "4"]
[White "Monteiro, Luis Felipe Furtado"]
[Black "Leitao, Nicolau Daulibe"]
[Result "0-1"]
[WhiteElo "1889"]
[BlackElo "2117"]
[PlyCount "94"]
[EventDate "2018.08.03"]
[EventType "swiss"]
[EventRounds "6"]
[EventCountry "BRA"]
[SourceTitle "CBM 186 Extra"]
[Source "ChessBase"]
[SourceDate "2018.08.24"]
[SourceVersion "1"]
[SourceVersionDate "2018.08.24"]
[SourceQuality "1"]

1. e4 c5 2. Nf3 d6 3. d4 cxd4 4. Nxd4 Nf6 5. Nc3 a6 6. h3 e5 7. Nb3 Be7 8. g4 0-0 9. Be3 Be6 10. g5 Ne8 11. h4 f5 12. f3 Nc7 13. Nd5 Nxd5 14. exd5 Bf7 15. Qd2 Bh5 16. Be2 f4 17. Bf2 Nd7 18. 0-0-0 Rc8 19. Qb4 Qc7 20. c3 Bd8 21. Kb1 b5 22. Rc1 Nb6 23. Rhd1 Nc4 24. Nd2 a5 25. Qxb5 Na3+ 26. bxa3 Rb8 27. a4 Be8 28. Qxb8 Qxb8+ 29. Ka1 Bxa4 30. Rb1 Qa8 31. Rdc1 Be7 32. Rb6 Rb8 33. Ra6 Qb7 34. Rb1 Qc8 35. Rxb8 Qxb8 36. Rxa5 Bc2 37. Rb5 Qc7 38. Kb2 Bf5 39. a4 h6 40. gxh6 gxh6 41. a5 Bc8 42. Rb6 Qa7 43. a6 Bd8 44. Rxd6 Qb8+ 45. Bb6 Qxd6 46. Bxd8 Qxd8 47. Ne4 Bxa6 0-1

[Event "Luiz Rego Memorial 6th"]
[Site "Teresina"]
[Date "2018.08.03"]
[Round "2"]
[White "Lima Filho, Jose Pacifico"]
[Black "Leitao, Nicolau Daulibe"]
[Result "0-1"]
[WhiteElo "1826"]
[BlackElo "2117"]
[PlyCount "54"]
[EventDate "2018.08.03"]
[EventType "swiss"]
[EventRounds "6"]
[EventCountry "BRA"]
[SourceTitle "CBM 186 Extra"]
[Source "ChessBase"]
[SourceDate "2018.08.24"]
[SourceVersion "1"]
[SourceVersionDate "2018.08.24"]
[SourceQuality "1"]

1. d4 Nf6 2. Nf3 e6 3. Bf4 d5 4. e3 Bd6 5. Bxd6 Qxd6 6. Nbd2 Nbd7 7. Bd3 0-0 8. 0-0 e5 9. dxe5 Nxe5 10. h3 c5 11. Nxe5 Qxe5 12. c3 b6 13. Be2 Bb7 14. Bf3 Rad8 15. Re1 Ne4 16. Qc2 Rfe8 17. Rad1 f5 18. Be2 Rd6 19. Nf3 Qe7 20. c4 Kh8 21. b3 Red8 22. cxd5 Bxd5 23. Qb2 Ng5 24. Ne5 Nxh3+ 25. Kf1 Ng5 26. Nd3 Rh6 27. Kg1 Nh3+ 0-1

[Event "Maranhao-ch"]
[Site "Sao Luis"]
[Date "2017.09.09"]
[Round "4"]
[White "Silva, Valdecir Batista"]
[Black "Leitao, Nicolau Daulibe"]
[Result "0-1"]
[WhiteElo "1931"]
[BlackElo "2114"]
[PlyCount "126"]
[EventDate "2017.09.07"]
[EventType "tourn"]
[EventRounds "7"]
[EventCountry "BRA"]
[SourceTitle "CBM 180 Extra"]
[Source "ChessBase"]
[SourceDate "2017.10.06"]
[SourceVersion "1"]
[SourceVersionDate "2017.10.06"]
[SourceQuality "1"]

1. e4 e5 2. Nf3 Nc6 3. Bc4 Bc5 4. 0-0 Nf6 5. d3 d6 6. h3 h6 7. c3 0-0 8. Be3 Bb6 9. a4 Be6 10. Nbd2 Re8 11. Re1 Qd7 12. b4 Rad8 13. a5 Bxe3 14. Rxe3 Bxc4 15. Nxc4 d5 16. exd5 Nxd5 17. Re1 Nxc3 18. Qb3 Qxd3 19. Ra3 Ne2+ 20. Kh2 Qxb3 21. Rxb3 Ned4 22. Nxd4 Nxd4 23. Rb2 f6 24. b5 b6 25. axb6 cxb6 26. Ne3 Rc8 27. Ra1 Re7 28. Ra4 Rc5 29. Rab4 Kf7 30. g4 g6 31. Kg2 f5 32. f4 exf4 33. Nxf5 Nxf5 34. Rxf4 Ree5 35. Ra2 Rxb5 36. Rxa7+ Kf6 37. gxf5 Rxf5 38. Rd4 Rb2+ 39. Kg3 Rb3+ 40. Kg2 Rc5 41. Rd6+ Ke5 42. Rxg6 Rc2+ 43. Kh1 Kf5 44. Rgg7 Rb1+ 45. Rg1 Rxg1+ 46. Kxg1 b5 47. Rb7 Rb2 48. Rb6 h5 49. Kf1 h4 50. Rh6 Kg5 51. Rb6 Kf4 52. Rg6 Kf3 53. Kg1 Rb4 54. Kh2 Re4 55. Rf6+ Rf4 56. Rb6 b4 57. Re6 Re4 58. Rf6+ Ke3 59. Kg2 Kd3 60. Kf3 Rd4 61. Kf2 b3 62. Rb6 Kc3 63. Ke2 b2 0-1